[Event "Zaraisk"]
[Site "Zaraisk"]
[Date "2009.11.21"]
[Round "6"]
[White "Lucenko, Aleksandr"]
[Black "Kryukov, Ivan"]
[Result "1-0"]
[WhiteElo "1731"]
[BlackElo "1714"]
[PlyCount "99"]
[EventDate "2009.11.14"]
[EventType "tourn"]
[EventRounds "11"]
[EventCountry "RUS"]
[SourceTitle "EXT 2012"]
[Source "ChessBase"]
[SourceDate "2011.11.24"]
[SourceVersion "1"]
[SourceVersionDate "2011.11.24"]
[SourceQuality "1"]

1. e4 e5 2. Nf3 Nc6 3. Bc4 Be7 4. Nc3 d6 5. h3 h6 6. 0-0 Nf6 7. d3 Be6 8. Bb3 a6 9. Nh2 Nd4 10. Ne2 Qd7 11. Bxe6 Nxe2+ 12. Qxe2 Qxe6 13. f4 d5 14. f5 Qb6+ 15. Kh1 dxe4 16. dxe4 0-0-0 17. c3 Qc6 18. Re1 Bc5 19. Nf3 Nh5 20. Kh2 Rd7 21. b4 Be7 22. Qe3 Kb8 23. a4 b5 24. axb5 Qxb5 25. Ra5 Qd3 26. Kg1 Qxe3+ 27. Bxe3 Kb7 28. Rea1 Ra8 29. Nxe5 Ng3 30. Nxd7 Ne2+ 31. Kf1 Nxc3 32. Nc5+ Bxc5 33. bxc5 c6 34. e5 h5 35. R1a3 Nd5 36. Bd4 f6 37. Rg3 fxe5 38. Rxg7+ Nc7 39. Bxe5 Rc8 40. Bxc7 Rxc7 41. Rxc7+ Kxc7 42. Rxa6 Kb7 43. Ra3 Kc7 44. Rd3 h4 45. f6 Kc8 46. f7 Kc7 47. f8Q Kb7 48. Rb3+ Ka7 49. Qb8+ Ka6 50. Qa8# 1-0